MDQL
is popping MORE tags! Check the
thread
!
Quizzes
Events
Quiz Creation
Community
Videos
Private Events
Remove Ads
Sign In
Join for FREE
Feedback
Dark Mode
Quiz Categories
Sports
Geography
Music
Movies
Television
Just For Fun
Miscellaneous
History
Literature
Language
Science
Gaming
Entertainment
Religion
Holiday
For Kids
Quiz Lab
Recent
Popular Today
Quiz Kudos Today
Editor Picks
Curator Picks
Quizzes by...
Day
Popularity
Type
Ratings
Length
Year
Community
Subscriptions
Recent Discussions
Orange Saloon
Badges
Playlists
Quests
Create
Leaderboards
Showdown
Live 5
Trivia Bingo
Activity
Puzzle Library
Sporcle Events
Private Events
Virtual Trivia
Globe League
Become a Host
Pub Owners
SporcleCon
Opinionation
Our Games
Videos
Blog
Mobile Apps
Partnerships
Remove Ads and Go Orange
Feedback
Literature
Harry Potter
A Song of Ice and Fire
The Hunger Games
Literary Character
Shakespeare
Book
Author
Novel
Poem
Young Adult
Children's Books
Play
Lord of the Rings
Literature
Harry Potter
A Song of Ice and Fire
The Hunger Games
Literary Character
Shakespeare
Book
Author
Novel
Poem
Young Adult
Children's Books
Play
Lord of the Rings
Random Quiz
Search Sporcle
×
Quiz Lab
Quiz Lab
Literature
Young Adult
Type in answers that appear in a list
Type in answers that appear in a list
Classic
Best Score? Go Orange.
Characters in 'To Kill A Mockingbird' Stats
Can you name the Characters in 'To Kill A Mockingbird'?
By
AtticusWolf
15m
46 Questions
216 Plays
216 Plays
216 Plays
Comments
Comments
Give Quiz Kudos
Give Quiz Kudos
-
- Ratings
hide this ad
Replay
Link that replays current quiz
Next Quiz
Link to next quiz in quiz playlist
You Got
0%
They Got
Avg Score
51%
Avg Friend Score
Upgrade to see
Score Distribution
Jump to the score distribution portion of the page
Score
0/46
Timer
15:00
0
Plays Today
Hint
Character
% Correct
Major Character
Atticus
98.6%
Major Character
Scout
96.8%
Major Character
Jem
96.3%
Major Character
Dill
88%
Major Character
Boo Radley
86.6%
Major Character
Tom Robinson
85.2%
Major Character
Mayella Ewell
83.8%
Major Character
Calpurnia
83.3%
Major Character
Robert Everlasting Lee Ewell
81.9%
Major Character
Maudie Atkinson
79.6%
Major Character
Aunt Alexandra
78.2%
Minor Character
Heck Tate
73.1%
Minor Character
Walter Cunningham
72.2%
Minor Character
Walter Cunningham
71.8%
Minor Character
Nathan Radley
68.1%
Minor Character
Stephanie Crawford
66.7%
Minor Character
Helen Robinson
63.9%
Minor Character
Mrs. Dubose
63%
Minor Character
Judge John Taylor
63%
Minor Character
Burris Ewell
56.5%
Minor Character
Caroline Fisher
55.6%
Minor Character
Reverend Sykes
53.7%
Dog (Extremely Minor Character)
Tim Johnson
51.9%
Hint
Character
% Correct
Minor Character
Uncle Jack
51.4%
Minor Character
Dolphus Raymond
45.8%
Minor Character
Link Deas
44%
Minor Character
Zeebo
41.7%
Minor Character
Mr. Braxton Underwood
41.2%
Minor Character
Rachel Haverford
38.9%
Minor Character
Mr. Gilmer
38.9%
Minor Character
Cecil Jacobs
38.9%
Minor Character
Lula Mae
33.8%
Extremely Minor Character
Little Chuck Little
31.5%
Minor Character
Mr. Radley
31%
Minor Character
Mrs. Merriweather
29.6%
Minor Character
Mr Avery
29.6%
Minor Character
Simon Finch
26.4%
Minor Character
Francis Hancock
25%
Minor Character
Miss Gates
25%
Minor Character
Dr. Reynolds
19.9%
Extremely Minor Character
Eula May
19.4%
Extremely Minor Character
Jessie
19%
Only Mentioned -
Not A Character As Such
Harry Johnson
13%
Minor Character
Maxwell Green
10.6%
Only Mentioned -
Not A Character As Such
General Andrew Jackson
10.2%
Only Mentioned -
Not A Character As Such
Crazy Addie
6%
Quiz Playlist
Details
Report
Send in Message
Add To Playlist
Classic:
Type in answers that appear in a list
Last Updated: Feb 16, 2017
Quiz Scoreboard
CHALLENGE
Sign Up to Join the Scoreboard
Show All
Scores
Hide
Comments
May contain spoilers
Recently Published
1-10 Letter E Words III
by El_Dandy
Language
2m
Street Fighter Characters
by Artimus82
Gaming
60s
College Basketball Coaching Resumes
by pancakes188
Sports
9m
More to Explore
Quiz From the Vault
Featured Blog Post
Where Did the Easter Bunny Come From?
hide this ad
You Might Also Like...
Tags
Young Adult Quiz
Alabama
To Kill a Mockingbird
Today's Top Quizzes in Literature
Browse Literature
hide this ad
Today's Top Quizzes in Young Adult
Browse Young Adult
Top Contributed Quizzes in Literature
1
Sneaky Slytherin Logic Puzzle
2
Get The Picture: Black or White Literature
3
5-to-1: Plays
4
One Thing in Common: Literature
5
A Court of Thorns and Roses (ACoTaR) Logic Puzzle
6
One Thing in Common: Literature II
7
One Thing in Common: Books
8
One Thing in Common: Literature 3
9
'Middle' Earth
10
One Thing in Common: Books II
Explore More
Trending Topics
Kpop
Crossword
Disney
Marvel
Harry Potter
Anime
NBA
WWE
Pokémon
NFL
Song
Soccer
Country
The Office
Puzzle
hide this ad
More By:
AtticusWolf
Quiz
Plays
Rating
Category
Featured
Created
Characters in 'To Kill A Mockingbird'
216
3.67
Literature
Jun 3, 2011
Dancing On Ice UK Contestants
184
1.00
Television
Jun 13, 2011
Go to Creator's Profile
Score Distribution
Quiz Creator Spotlight
AtticusWolf
Follow
Send a Message
Quizzes Created
-
Created Quiz Play Count
-
More By This Creator
Popular Quizzes Today
1
Find the US States - No Outlines Minefield
2
Find the Countries of Europe - No Outlines Minefield
3
The Countries of the World
4
Find the US States
5
Risky Map Clicking: Biggest States A-Z
6
US States
7
Popular People in 1961
8
Movies - When Are They Set?
More Literature Quizzes
Quotes From Quotes: Harry Potter
Published
Trending Quizzes
Risky Map Clicking: Least Populous States A-Z
1-10 Letter G Words
USA Borders Longest to Shortest
1-10 Letter F Words
Countries of the World: 200 Million BC
Recently Updated
Leaping Animals
pecheneg
Reality TV Shows (A-Z)
bhenderson79
Rickey Henderson's Hall of Fame Teammates
pecheneg
Champions League XIs: Arsenal
pecheneg
Quick Pick: Celebrities in WWE's Hall of Fame
aduchscher
A-Z Keypad Blitz II
pecheneg
Multiple Oscar Actors
pecheneg
Mystery Phrase Blitz: Oscar 'Best Actors'
pecheneg
F. Scott Fitzgerald Novels
LTH
Pick 3 Villains
ddd62291
Trending Topics
NBA
Harry Potter
Kpop
Anime
Marvel
Crossword
Disney
Country
Puzzle
Soccer
WWE
Pokémon
The Office
NFL
Song
Your Account Isn't Verified!
In order to create a playlist on Sporcle, you need to verify the email address you used during registration. Go to your
Sporcle Settings
to finish the process.
Report this User
Report this user for behavior that violates our
Community Guidelines
.
Details:
Send Report
Go to the Sporcle.com Mobile Site →
Comments